00626nam a22002057a 450000500170000001000110001702000260002803500170005403500130007103700180008408200110010210000230011324501020013626000420023827000480028030000320032850000200036070000200038070000200040020170707112916.0 a1617EN a9788131531686c850.00 aB-654230-241 aB-667882 adpl bTechniz a005.54 aFreund, Steven M.  aMicrosoft excel 2013 :cby Steven M. Freund, Mali B. Jones [and] Joy L. Starks bcomprehensive /  aDelhibCengage Learningc2016 (repr.) a418,F.I.E.Patparganjb Delhi e110092l-m- avarious pagings c27cm(pbk) aIncludes index  aJones, Mali B.  aStarks, Joy L.